<?xml version="1.0" encoding="UTF-8"?>
<record
    xmlns:xsi="http://www.w3.org/2001/XMLSchema-instance"
    xsi:schemaLocation="http://www.loc.gov/MARC21/slim http://www.loc.gov/standards/marcxml/schema/MARC21slim.xsd"
    xmlns="http://www.loc.gov/MARC21/slim">

  <leader>01093nam0a2200313   4500</leader>
  <controlfield tag="001">RU\NLR\BIBL_A\022100361</controlfield>
  <controlfield tag="005">20250625121409.0</controlfield>
  <datafield tag="010" ind1=" " ind2=" ">
    <subfield code="9">2000</subfield>
  </datafield>
  <datafield tag="035" ind1=" " ind2=" ">
    <subfield code="a">(NLR Aleph) 022100361</subfield>
  </datafield>
  <datafield tag="090" ind1=" " ind2=" ">
    <subfield code="a">13319002</subfield>
    <subfield code="c">13319002</subfield>
  </datafield>
  <datafield tag="100" ind1=" " ind2=" ">
    <subfield code="a">20231220d1932    |||y0rusy50      ca</subfield>
  </datafield>
  <datafield tag="101" ind1="0" ind2=" ">
    <subfield code="a">nog</subfield>
    <subfield code="c">rus</subfield>
  </datafield>
  <datafield tag="102" ind1=" " ind2=" ">
    <subfield code="a">RU</subfield>
  </datafield>
  <datafield tag="105" ind1=" " ind2=" ">
    <subfield code="a">y   z   000yy</subfield>
  </datafield>
  <datafield tag="181" ind1=" " ind2="0">
    <subfield code="a">i </subfield>
    <subfield code="b">axxe  </subfield>
  </datafield>
  <datafield tag="182" ind1=" " ind2="0">
    <subfield code="a">n</subfield>
  </datafield>
  <datafield tag="200" ind1="1" ind2=" ">
    <subfield code="a">&#x411;&#x430;&#x440;&#x43B;&#x44B;&#x43A;&#x44A; &#x421;&#x43E;&#x44E;&#x437; &#x41A;&#x43E;&#x43C;&#x43C;&#x443;&#x43D;&#x438;&#x441;&#x442;(b) &#x43F;&#x430;&#x440;&#x442;&#x438;&#x44F;&#x441;&#x44B;&#x43D;&#x44B;&#x4CA; &#x43F;&#x440;&#x43E;&#x433;&#x440;&#x430;&#x43C;&#x44B; &#x44D;&#x43C; &#x443;&#x441;&#x442;&#x430;&#x432;&#x44B;</subfield>
    <subfield code="f">&#x43D;&#x43E;&#x433;&#x430;&#x439;&#x43B;&#x430;&#x448;&#x442;&#x44B;&#x440;&#x44B;&#x432;&#x448;&#x44B;&#x43B;&#x430;&#x440;&#x44B;: &#x41A;&#x443;&#x440;&#x431;&#x430;&#x440;&#x430;&#x43B;&#x438;&#x439;&#x438;&#x432; &#x420;. &#x44D;&#x43C; &#x421;&#x430;&#x432;&#x438;&#x43D; &#x41B;.</subfield>
  </datafield>
  <datafield tag="203" ind1=" " ind2=" ">
    <subfield code="a">&#x422;&#x435;&#x43A;&#x441;&#x442;</subfield>
    <subfield code="b">&#x432;&#x438;&#x437;&#x443;&#x430;&#x43B;&#x44C;&#x43D;&#x44B;&#x439;</subfield>
    <subfield code="c">&#x43D;&#x435;&#x43F;&#x43E;&#x441;&#x440;&#x435;&#x434;&#x441;&#x442;&#x432;&#x435;&#x43D;&#x43D;&#x44B;&#x439;</subfield>
  </datafield>
  <datafield tag="210" ind1=" " ind2=" ">
    <subfield code="a">&#x41C;&#x430;&#x43A;&#x44A;&#x430;&#x448;-&#x41A;&#x44A;&#x430;&#x43B;&#x430;</subfield>
    <subfield code="c">&#x414;&#x430;&#x433;. &#x414;&#x430;&#x432;&#x43B;&#x435;&#x442; &#x411;&#x430;&#x441;&#x43F;&#x430;&#x441;&#x44B;</subfield>
    <subfield code="d">1932</subfield>
  </datafield>
  <datafield tag="215" ind1=" " ind2=" ">
    <subfield code="a">91,[1] c.</subfield>
    <subfield code="d">13</subfield>
  </datafield>
  <datafield tag="300" ind1=" " ind2=" ">
    <subfield code="a">&#x422;&#x435;&#x43A;&#x441;&#x442; &#x43D;&#x430; &#x43B;&#x430;&#x442;&#x438;&#x43D;. &#x433;&#x440;&#x430;&#x444;&#x438;&#x43A;&#x435;</subfield>
  </datafield>
  <datafield tag="541" ind1="1" ind2=" ">
    <subfield code="a">&#x41F;&#x440;&#x43E;&#x433;&#x440;&#x430;&#x43C;&#x43C;&#x430; &#x438; &#x443;&#x441;&#x442;&#x430;&#x432; &#x41A;&#x41F;&#x421;&#x421;</subfield>
    <subfield code="z">rus</subfield>
  </datafield>
  <datafield tag="686" ind1="1" ind2=" ">
    <subfield code="a">&#x424;61(2)01</subfield>
  </datafield>
  <datafield tag="686" ind1="1" ind2=" ">
    <subfield code="a">&#x424;61(2)02</subfield>
  </datafield>
  <datafield tag="702" ind1=" " ind2="1">
    <subfield code="a">&#x41A;&#x443;&#x440;&#x431;&#x430;&#x43D;&#x430;&#x43B;&#x438;&#x439;&#x438;&#x432;</subfield>
    <subfield code="b">&#x420;.</subfield>
    <subfield code="4">730</subfield>
  </datafield>
  <datafield tag="852" ind1=" " ind2=" ">
    <subfield code="a">NLR</subfield>
    <subfield code="b">&#x41E;&#x41D;&#x41B;</subfield>
    <subfield code="j">&#x41D;&#x43E;&#x433;./1-11</subfield>
  </datafield>
  <datafield tag="942" ind1=" " ind2=" ">
    <subfield code="c">BOOK</subfield>
  </datafield>
  <datafield tag="980" ind1=" " ind2=" ">
    <subfield code="a">NB</subfield>
  </datafield>
  <datafield tag="995" ind1=" " ind2=" ">
    <subfield code="5">2023-12-20</subfield>
    <subfield code="b">NLR01</subfield>
    <subfield code="c">NLR01</subfield>
    <subfield code="e">ONL</subfield>
    <subfield code="f">1-2993342</subfield>
    <subfield code="k">&#x41E;&#x41D;&#x41B; &#x41D;&#x43E;&#x433;./1-11</subfield>
    <subfield code="o">0</subfield>
    <subfield code="r">BOOK</subfield>
    <subfield code="s">_111</subfield>
  </datafield>
</record>
